| 000 | 01119nam2a2200229 4500 | ||
|---|---|---|---|
| 001 | rc\2823397 | ||
| 005 | 20260315044540.0 | ||
| 035 | _a(NLR Aleph) 006981747 | ||
| 090 |
_a13569328 _c13569328 |
||
| 100 | _a20110622d1927 u y0rusy50 ca | ||
| 101 | 0 | _arus | |
| 102 | _aRU | ||
| 105 | _aa z ||||| | ||
| 200 | 1 | _aСборник 1 | |
| 210 | _d1927 | ||
| 215 |
_a144 с., 4 л. диагр. _cдиагр. |
||
| 461 | 0 |
_1001rc\2823395 _12001#$aВ помощь просвещенцу$eСборник [статей]. Вып. 1-$f[Под ред. Б.Н. Никольского и Л.О. Ермишова]$gПедагогический факультет С.Г.У. и методическое бюро Губоно$vВып. 2 _95538394 _cСмоленск _d1927-1929 _f[Под ред. Б.Н. Никольского и Л.О. Ермишова] _nСмоленский гос. ун-т и Губ. отд. нар. образ. _oСборник [статей]. Вып. 1- _tВ помощь просвещенцу _vВып. 2 |
|
| 801 | 0 |
_aRU _bNLR _gpsbo |
|
| 801 | 1 |
_aRU _bELAR _2rusmarc |
|
| 852 |
_aNLR _j48/490 |
||
| 942 | _cUNSPEC | ||
| 980 | _aNB | ||